Missing Word: ABC Shows (1960s) Quiz Stats

 Plays Quiz Updated Oct 14, 2016

Challenge
Share
Tweet
Embed
Score 0/20 Timer 02:00
3 Plays Today
Television Series Missing Word % Correct
The _____ BunchBrady
97.5%
The _____ HornetGreen
90.4%
General _____Hospital
90.1%
_____ Life to LiveOne
87.9%
The _____ LimitsOuter
82.9%
My Three _____Sons
80.3%
The _____ SquadMod
77.3%
McHale's _____Navy
77%
The Flying _____Nun
73.7%
_____ ShadowsDark
72.8%
Television Series Missing Word % Correct
_____ Welby, M.D.Marcus
70.9%
The _____ Duke ShowPatty
69.9%
Love _____ StyleAmerican
63%
_____ GirlThat
56.9%
_____ PlacePeyton
55.1%
_____ to the Bottom of the SeaVoyage
50.3%
_____manBat
36.4%
Land of the _____Giants
34.7%
The Big _____Valley
20.6%
A _____ in the WindFlame
1.8%

Today's Daily Dose

Word Ladder
Homophones Ate

Quick Pick
RGB Colors

On This Day
August 18th II

You're not logged in!

Compare scores with friends on all Sporcle quizzes.
Join for Free
OR
Log In

You Might Also Like...

Show Comments

Extras

Top Quizzes Today


Score Distribution

Your Account Isn't Verified!

In order to create a playlist on Sporcle, you need to verify the email address you used during registration. Go to your Sporcle Settings to finish the process.

Report this User

Report this user for behavior that violates our Community Guidelines.

Details: